| 000 | 01490nam a2200361 i 4500 | ||
|---|---|---|---|
| 001 | 194785 | ||
| 003 | SpMaBN | ||
| 005 | 20250716034711.0 | ||
| 007 | ta | ||
| 008 | 240516s1949 sp j spa | ||
| 016 | 7 |
_abimoBNE19994224899 _zIND9300584576 _2SpMaBN |
|
| 035 | _a(OCoLC)733561474 | ||
| 035 | _abimo0001171036 | ||
| 040 |
_aSpMaBN _bspa _cA2 _dSpMaBN _eES-MaACL |
||
| 080 | _a821.134.2(7/8)"18/19"(082.2) | ||
| 245 | 0 | 4 |
_aLos mejores cuentistas hispanoamericanos / _cselección de J. Sanz y Díaz. |
| 260 |
_aMadrid : _bRevista Literaria "Novelas y cuentos", _c1949. |
||
| 300 |
_a47 p. ; _c32 cm |
||
| 336 |
_2rdacontent _atexto |
||
| 337 |
_2rdamedia _asin mediación |
||
| 338 |
_2rdacarrier _avolumen |
||
| 490 | 1 |
_aRevista literaria "Novelas y cuentos" ; _vaño 21, n. 932 |
|
| 650 | 7 |
_aCuentos hispanoamericanos- _yS.XIX _9160749 |
|
| 650 | 4 |
_aCuentos hispanoamericanos- _yS.XX _2embne _911492 |
|
| 700 | 0 |
_aSanz y Díaz, José, _d1907-1988 _9103694 |
|
| 773 |
_0194742 _9202381 _gG-15981 _aObras encuadernadas juntas |
||
| 830 | 0 |
_aRevista literaria "Novelas y cuentos" _vaño 21, n. 932 _9236217 |
|
| 852 |
_aES-MaACL _cDEPO2 _jG-15981(7) _hLegado: Juan Antonio Porto _9202381 _xEncuadernado con otras obras formando un volumen facticio |
||
| 903 |
_993285 _aPorto, Juan Antonio, _d1937-2021 _ednr |
||
| 942 |
_n0 _cFOLLETOS |
||
| 999 |
_c194785 _d194785 |
||